000
00249nam a2200097Ia 4500
001
808061
005
20250826171243.0
008
250824s9999 xx 000 0 und d
245
0
_a
BENİ SUSARKEN BÖLME
_c
KAHRAMAN TAZEOĞLU
260
_b
DESTEK YAYINLARI
999
_c
808061
_d
808061